[Event "Rated Blitz game"]
[Site "?"]
[Date "2021.06.01"]
[Round "?"]
[White "branimir2000"]
[Black "OlegMatveev"]
[Result "0-1"]
[WhiteElo "2291"]
[BlackElo "2412"]
[PlyCount "104"]
[EventDate "2021.??.??"]
[EventType "blitz"]

1. e4 e5 2. Nf3 Nc6 3. c3 d5 4. Qa4 Nf6 5. Nxe5 dxe4 6. Nxc6 bxc6 7. Qxc6+ Bd7
8. Qc4 Bd6 9. d4 O-O 10. h3 Be6 11. Qa4 c5 12. Be3 Nd5 13. dxc5 Nxe3 14. cxd6
Nf5 15. g4 Nxd6 16. Nd2 Qb6 17. O-O-O Qxf2 18. Nc4 Qf3 19. Rg1 Nxc4 20. Bxc4
Bxc4 21. Qxc4 Rac8 22. Qf1 Rxc3+ 23. Kb1 Qxf1 24. Rgxf1 Rxh3 25. Rde1 e3 26.
Re2 Rg3 27. Rf4 g6 28. Re4 Rd8 29. R2xe3 Rxe3 30. Rxe3 Rd4 31. Rg3 Kg7 32. Kc2
Kf6 33. Kc3 Rf4 34. b4 Kg5 35. a4 Rf1 36. a5 Ra1 37. Kb2 Re1 38. b5 Re5 39. Rb3
Kxg4 40. b6 axb6 41. axb6 Re8 42. b7 Rb8 43. Kc3 Kg5 44. Kd3 f5 45. Ke3 h5 46.
Kf3 h4 47. Rb4 Kh5 48. Kg2 g5 49. Kh3 g4+ 50. Kg2 Kg5 51. Kh2 h3 52. Kg3 f4+ {
Time forfeit} 0-1

[Event "Rated Blitz game"]
[Site "?"]
[Date "2021.06.01"]
[Round "?"]
[White "Zadokhlik"]
[Black "snickers777"]
[Result "1-0"]
[WhiteElo "2464"]
[BlackElo "2315"]
[PlyCount "43"]
[EventDate "2021.??.??"]
[EventType "blitz"]

1. e4 e5 2. Nf3 Nc6 3. c3 d5 4. Qa4 Bd7 5. exd5 Nd4 6. Qd1 Nxf3+ 7. Qxf3 Nf6 8.
Bc4 e4 9. Qe2 Bd6 10. d3 O-O 11. O-O exd3 12. Qxd3 Ng4 13. h3 Ne5 14. Qd4 Nxc4
15. Qxc4 Re8 16. Nd2 b5 17. Qd3 Qh4 18. Nf3 Qh5 19. Bd2 Bf5 20. Qxb5 Bxh3 21.
Rfe1 Qg4 22. Rxe8+ {Normal} 1-0

[Event "Rated Blitz game"]
[Site "?"]
[Date "2021.06.01"]
[Round "?"]
[White "Ivvar"]
[Black "Rad8tion"]
[Result "0-1"]
[WhiteElo "2401"]
[BlackElo "2455"]
[PlyCount "40"]
[EventDate "2021.??.??"]
[EventType "blitz"]

1. e4 e5 2. Nf3 Nc6 3. c3 Nf6 4. d4 exd4 5. e5 Nd5 6. Bc4 Nb6 7. Bb3 d6 8. e6
Bxe6 9. Bxe6 fxe6 10. O-O Be7 11. cxd4 O-O 12. Re1 Qd7 13. Nc3 Rae8 14. a3 Rf5
15. h3 Ref8 16. Be3 Rxf3 17. gxf3 e5 18. Ne4 Qxh3 19. Ng3 Bh4 20. dxe5 Bxg3 {
Normal} 0-1

[Event "Rated Blitz game"]
[Site "?"]
[Date "2021.06.01"]
[Round "?"]
[White "VVH1SPER"]
[Black "wblodw"]
[Result "1-0"]
[WhiteElo "2394"]
[BlackElo "2445"]
[PlyCount "91"]
[EventDate "2021.??.??"]
[EventType "blitz"]

1. e4 e5 2. Nf3 Nc6 3. c3 d5 4. Qa4 f6 5. d3 Nge7 6. Be2 Ng6 7. O-O Be7 8. Rd1
O-O 9. exd5 Qxd5 10. d4 Qe4 11. Bd3 Qg4 12. h3 Qh5 13. d5 Nd8 14. Nbd2 Nf4 15.
Ne4 Nxg2 16. Ng3 Qxf3 17. Be2 Nh4 18. Bxf3 Nxf3+ 19. Kg2 Ng5 20. Bxg5 fxg5 21.
Qc4 Bd6 22. Ne4 h6 23. Nxd6 cxd6 24. Qb4 Nf7 25. c4 b6 26. Rd3 Bf5 27. Re3 Rad8
28. a4 Nh8 29. a5 bxa5 30. Rxa5 Rf7 31. Rb5 Ng6 32. Rb8 Nf4+ 33. Kh2 Rfd7 34.
Rxd8+ Rxd8 35. Qb7 Rd7 36. Qc8+ Kh7 37. Qb8 e4 38. Ra3 Re7 39. Rxa7 e3 40. Rxe7
exf2 41. Rxg7+ Kxg7 42. Qa7+ Kf6 43. Qxf2 Nxh3 44. Qd4+ Ke7 45. Qg7+ Kd8 46.
Qxh6 {Normal} 1-0

[Event "Rated Rapid game"]
[Site "?"]
[Date "2021.06.01"]
[Round "?"]
[White "Fight-chess"]
[Black "Nepobediv3"]
[Result "1/2-1/2"]
[WhiteElo "2647"]
[BlackElo "2569"]
[PlyCount "127"]
[EventDate "2021.??.??"]
[EventType "rapid"]

1. e4 e5 2. Nf3 Nc6 3. c3 d5 4. Qa4 Qd6 5. Bb5 Bd7 6. O-O Nge7 7. exd5 Nxd5 8.
Re1 Be7 9. Qc2 f6 10. b3 O-O-O 11. Ba3 Qe6 12. d4 Qg4 13. h3 Qh5 14. Bxe7 Ndxe7
15. Nbd2 exd4 16. Bxc6 Nxc6 17. cxd4 Nb4 18. Qc4 Nd5 19. Rac1 Bc6 20. Qf1 Nf4
21. Rxc6 bxc6 22. Qa6+ Kb8 23. Qxc6 Qd5 24. Qa4 Ne6 25. Rc1 Nxd4 26. Nxd4 Qxd4
27. Nc4 Rd5 28. Re1 Rhd8 29. Qa3 Qc5 30. Qc1 Rf5 31. Qc2 Rd4 32. Kh1 g5 33. a4
g4 34. hxg4 Rxg4 35. a5 Rh5+ 36. Kg1 Qc6 37. f3 Qc5+ 38. Ne3 Qxc2 39. Nxc2 Rgg5
40. b4 Re5 41. Rd1 Rd5 42. Re1 Rhe5 43. Ne3 Rd3 44. Kf2 Rd2+ 45. Kg3 Rd3 46.
Kf4 Rd4+ 47. Kg3 Rxb4 48. f4 Ree4 49. Kf3 Rxf4+ 50. Ke2 Rfe4 51. Kd3 f5 52. Rf1
Rb3+ 53. Kc2 Rbxe3 54. Rxf5 Re2+ 55. Kd3 R2e3+ 56. Kd2 Re2+ 57. Kd3 R2e3+ 58.
Kc2 Re2+ 59. Kb3 R2e3+ 60. Ka2 Re2+ 61. Ka3 R2e3+ 62. Kb2 Re2+ 63. Kc3 R2e3+
64. Kc2 {Normal} 1/2-1/2

[Event "Rated Blitz game"]
[Site "?"]
[Date "2021.06.01"]
[Round "?"]
[White "Cropollis"]
[Black "molinov"]
[Result "0-1"]
[WhiteElo "2561"]
[BlackElo "2479"]
[PlyCount "116"]
[EventDate "2021.??.??"]
[EventType "blitz"]

1. e4 e5 2. Nf3 Nc6 3. c3 Nf6 4. d4 d6 5. dxe5 Nxe5 6. Nxe5 dxe5 7. Qxd8+ Kxd8
8. Bg5 c6 9. Nd2 Be6 10. O-O-O Kc7 11. Kb1 Nd7 12. f3 f6 13. Be3 Bc5 14. Bxc5
Nxc5 15. Bc4 Bxc4 16. Nxc4 Rad8 17. Ne3 g6 18. Kc2 Ne6 19. Ng4 Rdf8 20. Rd2 h5
21. Ne3 Rd8 22. Rhd1 Rxd2+ 23. Rxd2 Rg8 24. Nc4 Rd8 25. Rxd8 Kxd8 26. Ne3 Nf4
27. b4 Kd7 28. a4 Kd6 29. Kb3 b6 30. Kc4 Ne2 31. b5 Nf4 32. g3 Ne6 33. bxc6
Kxc6 34. Nd5 Ng5 35. Nxf6 Nxf3 36. h3 Ng1 37. h4 Ne2 38. g4 hxg4 39. Nxg4 Kd6
40. Nh6 Ng3 41. Nf7+ Ke6 42. Ng5+ Kd6 43. Kb5 Ne2 44. c4 Nc3+ 45. Kb4 Ne2 46.
Nf7+ Ke6 47. Ng5+ Kd6 48. a5 bxa5+ 49. Kb5 Nd4+ 50. Kxa5 Nb3+ 51. Kb4 Nd2 52.
Nf7+ Ke6 53. Ng5+ Kd6 54. Kb5 Nb3 55. Kb4 Nd4 56. c5+ Kc6 57. Nf7 Ne6 58. Nxe5+
Kc7 {Time forfeit} 0-1

[Event "Rated Blitz tournament 2HHnzaPv"]
[Site "?"]
[Date "2021.06.01"]
[Round "?"]
[White "BolivarAjedrez2"]
[Black "Pomberito"]
[Result "1-0"]
[WhiteElo "2475"]
[BlackElo "2365"]
[PlyCount "101"]
[EventDate "2021.??.??"]
[EventType "blitz"]

1. e4 e5 2. Nf3 Nc6 3. c3 Nf6 4. d3 d5 5. Nbd2 Bc5 6. b4 dxe4 7. dxe4 Bb6 8.
Be2 a6 9. a4 O-O 10. O-O Bg4 11. h3 Bh5 12. Qc2 Bg6 13. Ba3 Re8 14. Rad1 Qc8
15. a5 Ba7 16. Rfe1 Nh5 17. Nh4 Nf4 18. Bg4 Qd8 19. Ndf3 Qf6 20. Bc1 Rad8 21.
Bxf4 Qxf4 22. Nxg6 hxg6 23. Bd7 Rf8 24. Bxc6 bxc6 25. Rxd8 Rxd8 26. Qe2 Ra8 27.
Rd1 c5 28. Qxa6 Qxe4 29. Qd3 Qxd3 30. Rxd3 cxb4 31. Nxe5 bxc3 32. Nc6 c2 33.
Rc3 Kf8 34. Rxc2 Ke8 35. Kf1 Kd7 36. Ne5+ Ke6 37. Nf3 Bb8 38. Re2+ Kf6 39. Re8
c5 40. Ne5 Rxa5 41. Ng4+ Kf5 42. Rxb8 Ke4 43. Re8+ Kd4 44. Re1 c4 45. Ne3 c3
46. Rc1 Kd3 47. Ke1 Ra2 48. Nd5 Re2+ 49. Kf1 Rc2 50. Nb4+ Kd2 51. Rxc2+ {Normal
} 1-0

[Event "Rated Rapid game"]
[Site "?"]
[Date "2021.06.01"]
[Round "?"]
[White "VirginaKnight"]
[Black "Lempeng"]
[Result "0-1"]
[WhiteElo "2505"]
[BlackElo "2338"]
[PlyCount "112"]
[EventDate "2021.??.??"]
[EventType "rapid"]

1. e4 e5 2. Nf3 Nc6 3. c3 Nf6 4. d4 Nxe4 5. d5 Bc5 6. dxc6 Bxf2+ 7. Ke2 Bb6 8.
Qd5 Nf2 9. cxb7 Bxb7 10. Qxb7 Nxh1 11. Be3 O-O 12. Bxb6 axb6 13. g3 e4 14. Nfd2
e3 15. Qxh1 exd2 16. Kxd2 Qg5+ 17. Kc2 Rae8 18. Nd2 Re3 19. Bd3 Rfe8 20. Qf1 c5
21. Qf5 Qxf5 22. Bxf5 d5 23. Rf1 g6 24. Bd7 R8e7 25. Bc6 d4 26. Bb5 dxc3 27.
bxc3 f5 28. Rf2 Kg7 29. a4 R3e6 30. Kb3 Rf6 31. Nc4 g5 32. a5 bxa5 33. Nxa5 f4
34. gxf4 gxf4 35. Nc6 Rb7 36. Kc4 f3 37. Ne5 Rf4+ 38. Kxc5 Rf5 39. Kc6 Re7 40.
Nd7 Re6+ 41. Kc7 Rxb5 42. c4 Rf5 43. c5 Re2 44. Rf1 f2 45. c6 Re1 46. Rxf2 Rxf2
47. Nb8 Rxh2 48. Kc8 Rc1 49. c7 Rhc2 50. Na6 Rxc7+ 51. Nxc7 h5 52. Kd7 Rxc7+
53. Kxc7 h4 54. Kd6 h3 55. Ke5 h2 56. Kf4 h1=Q {Normal} 0-1

[Event "Rated Blitz game"]
[Site "?"]
[Date "2021.06.01"]
[Round "?"]
[White "Ivvar"]
[Black "pinaul2134"]
[Result "1/2-1/2"]
[WhiteElo "2400"]
[BlackElo "2467"]
[PlyCount "72"]
[EventDate "2021.??.??"]
[EventType "blitz"]

1. e4 e5 2. Nf3 Nc6 3. c3 Nf6 4. d4 d5 5. Bb5 exd4 6. e5 Nd7 7. cxd4 Bb4+ 8.
Nc3 h6 9. O-O Nb6 10. h3 Bxc3 11. bxc3 Bf5 12. Bd3 Ne7 13. Ba3 Bxd3 14. Qxd3
Nc4 15. Bxe7 Kxe7 16. Nd2 Nxd2 17. Qxd2 Re8 18. f4 Qd7 19. f5 Rg8 20. f6+ gxf6
21. exf6+ Kd6 22. Rf3 Rg5 23. Re1 Rag8 24. Re2 a5 25. Re7 Rxg2+ 26. Qxg2 Rxg2+
27. Kxg2 Qa4 28. Rxf7 Qc2+ 29. Kf1 Qb1+ 30. Kf2 Qxa2+ 31. Kf1 Qb1+ 32. Kf2 Qc2+
33. Kf1 Qb1+ 34. Kf2 Qc2+ 35. Kf1 Qc1+ 36. Kf2 Qc2+ {Normal} 1/2-1/2

[Event "Rated Blitz game"]
[Site "?"]
[Date "2021.06.01"]
[Round "?"]
[White "Akbar2001"]
[Black "Orian21"]
[Result "1-0"]
[WhiteElo "2522"]
[BlackElo "2342"]
[PlyCount "25"]
[EventDate "2021.??.??"]
[EventType "blitz"]

1. e4 e5 2. Nf3 Nc6 3. c3 Nf6 4. d4 Nxe4 5. Bd3 d5 6. Nxe5 Nxe5 7. dxe5 Be6 8.
Bxe4 dxe4 9. Qa4+ c6 10. Qxe4 Bc5 11. O-O Bd5 12. Qg4 O-O 13. Bh6 {Normal} 1-0

[Event "Titled Tuesday 25th May"]
[Site "chess.com INT"]
[Date "2021.05.25"]
[Round "11"]
[White "Cagara, P."]
[Black "Maklakova, Nellija"]
[Result "1-0"]
[WhiteElo "2027"]
[BlackElo "1828"]
[PlyCount "89"]
[EventDate "2021.05.25"]
[SourceTitle "The Week in Chess 1386"]
[Source "Mark Crowther"]
[SourceDate "2021.05.31"]
[SourceVersion "1"]
[SourceVersionDate "2021.05.31"]
[SourceQuality "2"]

1. e4 e5 2. Nf3 Nc6 3. c3 Nf6 4. d4 exd4 5. e5 Ne4 6. Qe2 Nc5 7. cxd4 Na6 8. d5
Bb4+ 9. Bd2 Bxd2+ 10. Nbxd2 Ncb4 11. Qe4 c5 12. Bc4 Nc7 13. O-O b5 14. d6 Ncd5
15. Bxd5 Nxd5 16. Qxd5 Ba6 17. Qxc5 O-O 18. Qc7 Rc8 19. Qxd8 Rfxd8 20. Rac1 b4
21. Rfe1 Bd3 22. Nd4 a5 23. f3 f6 24. exf6 gxf6 25. Kf2 a4 26. Ne4 Kf7 27. Nc5
Bb5 28. Nxb5 a3 29. bxa3 bxa3 30. Re7+ Kg6 31. Rc3 Rc6 32. Nxd7 Rxc3 33. Nxc3
Rb8 34. Nc5 Rb2+ 35. Kg3 Rc2 36. N5a4 h5 37. h4 Rd2 38. d7 Kf5 39. Ne4 Rxa2 40.
d8=Q Rc2 41. Qd7+ Kg6 42. Rg7+ Kh6 43. Rh7+ Kg6 44. Qg7+ Kf5 45. Qxf6# 1-0

[Event "Titled Tuesday 25th May"]
[Site "chess.com INT"]
[Date "2021.05.25"]
[Round "8"]
[White "Cagara, P."]
[Black "Vidruska, Renate"]
[Result "0-1"]
[WhiteElo "2027"]
[BlackElo "2000"]
[PlyCount "52"]
[EventDate "2021.05.25"]
[SourceTitle "The Week in Chess 1386"]
[Source "Mark Crowther"]
[SourceDate "2021.05.31"]
[SourceVersion "1"]
[SourceVersionDate "2021.05.31"]
[SourceQuality "2"]

1. e4 e5 2. Nf3 Nc6 3. c3 Nf6 4. d4 Nxe4 5. d5 Ne7 6. Nxe5 d6 7. Qa4+ c6 8.
dxc6 bxc6 9. Qxe4 dxe5 10. Qxe5 Qd5 11. Qxd5 Nxd5 12. Bc4 Be6 13. O-O Be7 14.
Na3 Bxa3 15. bxa3 O-O 16. Bd2 Rab8 17. Bb3 a5 18. Rfe1 Rfe8 19. c4 Nc7 20. Bxa5
Na6 21. Rab1 Nc5 22. Bb4 Nd3 23. Bd6 Rbd8 24. c5 Nxe1 25. Rxe1 Bxb3 26. axb3
Rxe1# 0-1

[Event "Titled Tuesday 25th May"]
[Site "chess.com INT"]
[Date "2021.05.25"]
[Round "4"]
[White "Cagara, P."]
[Black "Kusa, Jakub"]
[Result "0-1"]
[WhiteElo "2027"]
[BlackElo "2336"]
[PlyCount "58"]
[EventDate "2021.05.25"]
[SourceTitle "The Week in Chess 1386"]
[Source "Mark Crowther"]
[SourceDate "2021.05.31"]
[SourceVersion "1"]
[SourceVersionDate "2021.05.31"]
[SourceQuality "2"]

1. e4 e5 2. Nf3 Nc6 3. c3 g6 4. d4 Bg7 5. Be3 d6 6. Bb5 Bd7 7. O-O Nf6 8. Nbd2
O-O 9. b4 a6 10. Bxc6 Bxc6 11. d5 Bd7 12. c4 Ng4 13. Bg5 Qe8 14. c5 h6 15. Bh4
f5 16. h3 Nf6 17. Bxf6 Bxf6 18. Rc1 f4 19. c6 bxc6 20. dxc6 Be6 21. Nb3 g5 22.
Na5 h5 23. Ne1 g4 24. hxg4 hxg4 25. Rc3 Qg6 26. Qc2 Kg7 27. Nc4 Rh8 28. Nxd6
cxd6 29. c7 Qh5 0-1

[Event "Titled Tuesday 18th May"]
[Site "chess.com INT"]
[Date "2021.05.18"]
[Round "2"]
[White "Poormosavi, Seyed Kian"]
[Black "Timmermans, M."]
[Result "0-1"]
[WhiteElo "2255"]
[BlackElo "2385"]
[PlyCount "64"]
[EventDate "2021.05.18"]
[SourceTitle "The Week in Chess 1385"]
[Source "Mark Crowther"]
[SourceDate "2021.05.24"]
[SourceVersion "1"]
[SourceVersionDate "2021.05.24"]
[SourceQuality "2"]

1. e4 e5 2. Nf3 Nc6 3. c3 f5 4. d4 fxe4 5. Nxe5 Nf6 6. Bb5 Be7 7. O-O a6 8.
Bxc6 dxc6 9. Bg5 O-O 10. Nd2 Qd5 11. Re1 Bf5 12. Qb3 Qxb3 13. axb3 c5 14. Bxf6
gxf6 15. Nec4 cxd4 16. cxd4 Rac8 17. Nxe4 Bb4 18. Nc3 Rcd8 19. Ne3 Bg6 20. Rad1
Rfe8 21. f3 c6 22. Kf2 Bf7 23. Nc4 Rxe1 24. Kxe1 b5 25. Ne3 Bxb3 26. Rd2 a5 27.
Kf2 a4 28. Nc2 Ba5 29. Ne1 a3 30. Nd3 a2 31. Nc1 a1=Q 32. Nxb3 Bxc3 0-1

[Event "Titled Tuesday 11th May"]
[Site "chess.com INT"]
[Date "2021.05.11"]
[Round "7"]
[White "Cagara, P."]
[Black "Bures, Vi"]
[Result "1-0"]
[WhiteElo "2027"]
[BlackElo "2119"]
[PlyCount "139"]
[EventDate "2021.05.11"]
[SourceTitle "The Week in Chess 1384"]
[Source "Mark Crowther"]
[SourceDate "2021.05.17"]
[SourceVersion "1"]
[SourceVersionDate "2021.05.17"]
[SourceQuality "2"]

1. e4 e5 2. Nf3 Nc6 3. c3 d5 4. Qa4 f6 5. d3 Nge7 6. Be3 Bd7 7. Qc2 Be6 8. Be2
Qd7 9. O-O O-O-O 10. b4 d4 11. b5 dxe3 12. bxc6 Nxc6 13. fxe3 Bc5 14. d4 exd4
15. exd4 Nxd4 16. cxd4 Bxd4+ 17. Nxd4 Qxd4+ 18. Kh1 Qxa1 19. Nc3 Qxf1+ 20. Bxf1
Kb8 21. Nb5 c6 22. Nc3 Rd4 23. h3 Rhd8 24. Kh2 Rd2 25. Qa4 R8d4 26. Qa5 Rc2 27.
Ne2 Rdd2 28. Qh5 Bc4 29. Qe8+ Kc7 30. Qe7+ Kb6 31. Qb4+ Bb5 32. a4 Rb2 33. Qc3
Bxe2 34. Bxe2 Rxe2 35. Qd4+ Kc7 36. Kg3 Rxg2+ 37. Kh4 b6 38. Qc4 g5+ 39. Kh5
Rbd2 40. Qa6 Kb8 41. Qc4 Kb7 42. Qf7+ Ka6 43. Qc7 c5 44. Qc6 Rgf2 45. Qb5+ Kb7
46. a5 Kc7 47. axb6+ axb6 48. Kh6 Rb2 49. Qe8 Rh2 50. Qe7+ Kc6 51. Qe6+ Kb5 52.
Kxh7 c4 53. Kg6 c3 54. Qd5+ Kb4 55. Qd4+ Kb3 56. Qxb6+ Kc2 57. Qc5 Kb3 58. Kxf6
Kc2 59. e5 Re2 60. e6 Kd2 61. Qd4+ Ke1 62. Qxc3+ Rbd2 63. e7 Kf2 64. Kf7 Rd7
65. Qc5+ Ke1 66. Qa5+ Kf2 67. Qb6+ Ke1 68. Qb4+ Kf2 69. h4 gxh4 70. Qxh4+ 1-0

[Event "EE May Blitz Open 2021"]
[Site "Europe-Echecs INT"]
[Date "2021.05.09"]
[Round "9"]
[White "Jobava, Ba"]
[Black "Smirnov, P."]
[Result "1-0"]
[WhiteElo "2603"]
[BlackElo "2544"]
[PlyCount "105"]
[EventDate "2021.05.09"]
[EventType "blitz"]
[SourceTitle "The Week in Chess 1384"]
[Source "Mark Crowther"]
[SourceDate "2021.05.17"]
[SourceVersion "1"]
[SourceVersionDate "2021.05.17"]
[SourceQuality "2"]

1. e4 e5 2. Nf3 Nc6 3. c3 Nf6 4. d3 d5 5. Qc2 a5 6. Be2 Bc5 7. O-O O-O 8. a4 h6
9. h3 Re8 10. Re1 Be6 11. Na3 Qd7 12. Bf1 Rad8 13. Nb5 Bb6 14. Be3 Bxe3 15.
Rxe3 d4 16. Ree1 Nh5 17. cxd4 exd4 18. Rac1 Nf4 19. Qd2 Ng6 20. Nh2 Bb3 21. f4
Bxa4 22. Na3 Bb3 23. Nf3 Nb4 24. Nc4 b6 25. g3 Bxc4 26. Rxc4 c5 27. h4 Qe7 28.
h5 Nf8 29. Rcc1 a4 30. Nh4 Ra8 31. Nf5 Qf6 32. Bh3 a3 33. Rcd1 axb2 34. Qxb2
Ra2 35. Qb3 Rea8 36. e5 Qe6 37. Qxe6 fxe6 38. Nd6 Nc2 39. Re2 Ne3 40. Rde1 Rxe2
41. Rxe2 Ra1+ 42. Kh2 Ra3 43. Rb2 Nd5 44. f5 exf5 45. Bxf5 Ne3 46. Be4 Rc3 47.
Rxb6 Rc2+ 48. Kh3 Ne6 49. Rb8+ Nf8 50. e6 Nf1 51. e7 Rh2+ 52. Kg4 Ne3+ 53. Kf3
1-0

[Event "Sharjah Blitz 2021"]
[Site "Sharjah UAE"]
[Date "2021.05.01"]
[Round "3.5"]
[White "Adnani, M."]
[Black "Al Kalbani, Wadima"]
[Result "1-0"]
[WhiteElo "2428"]
[BlackElo "1623"]
[PlyCount "60"]
[EventDate "2021.05.01"]
[EventType "blitz"]
[SourceTitle "The Week in Chess 1382"]
[Source "Mark Crowther"]
[SourceDate "2021.05.03"]
[SourceVersion "1"]
[SourceVersionDate "2021.05.03"]
[SourceQuality "2"]

1. e4 e5 2. Nf3 Nc6 3. c3 Nf6 4. d4 exd4 5. e5 Ng4 6. cxd4 Qe7 7. Be2 d6 8. h3
Nh6 9. O-O Bd7 10. Nc3 O-O-O 11. Bg5 f6 12. Bxh6 gxh6 13. e6 Bxe6 14. d5 Bxh3
15. gxh3 Ne5 16. Nxe5 fxe5 17. Bg4+ Kb8 18. Be6 Qh4 19. Qg4 Qxg4+ 20. hxg4 Be7
21. Kg2 Rdf8 22. Ne4 Rf4 23. f3 Rhf8 24. Rac1 Bg5 25. Rc3 a6 26. Rh1 Ka7 27.
Nxg5 hxg5 28. Rxh7 c5 29. dxc6 Kb6 30. Rxb7+ Ka5 1-0

[Event "Betsys ch-CZE On/L Blitz"]
[Site "chess.com INT"]
[Date "2021.04.17"]
[Round "7"]
[White "Tomanec, Samuel"]
[Black "Sramek, Ondrej"]
[Result "0-1"]
[WhiteElo "1395"]
[BlackElo "2021"]
[PlyCount "60"]
[EventDate "2021.04.17"]
[EventType "blitz"]
[SourceTitle "The Week in Chess 1380"]
[Source "Mark Crowther"]
[SourceDate "2021.04.19"]
[SourceVersion "1"]
[SourceVersionDate "2021.04.19"]
[SourceQuality "2"]

1. e4 e5 2. Nf3 Nc6 3. c3 Nf6 4. d4 exd4 5. e5 Ng8 6. cxd4 d5 7. Nc3 Be6 8. Bb5
Nge7 9. O-O g6 10. h3 Bg7 11. Bg5 O-O 12. Bxc6 bxc6 13. Qd2 Re8 14. Rac1 Rb8
15. b3 Qd7 16. Na4 Qc8 17. Nc5 Nf5 18. Nxe6 Qxe6 19. Qa5 h6 20. Bf4 Rb7 21. Qa6
Rb6 22. Qxa7 Qd7 23. Qa4 Reb8 24. Bd2 Kh7 25. Rfe1 Ne7 26. b4 Qc8 27. Rc5 Ra8
28. Qc2 Rba6 29. Ra1 Ra3 30. Rc4 dxc4 0-1

[Event "Titled Tuesday 13th Apr"]
[Site "chess.com INT"]
[Date "2021.04.13"]
[Round "9"]
[White "Bjerre, Jonas Buhl"]
[Black "Shkapenko, P."]
[Result "0-1"]
[WhiteElo "2550"]
[BlackElo "2424"]
[PlyCount "46"]
[EventDate "2021.04.13"]
[SourceTitle "The Week in Chess 1380"]
[Source "Mark Crowther"]
[SourceDate "2021.04.19"]
[SourceVersion "1"]
[SourceVersionDate "2021.04.19"]
[SourceQuality "2"]

1. e4 e5 2. Nf3 Nc6 3. c3 Nf6 4. d4 Nxe4 5. d5 Ne7 6. Be2 Ng6 7. O-O Nf6 8. h4
d6 9. Bg5 Be7 10. c4 h6 11. Be3 Ng4 12. h5 Nxe3 13. fxe3 Nh4 14. Nc3 O-O 15.
Nxh4 Bxh4 16. Bg4 Bg5 17. Bxc8 Bxe3+ 18. Kh2 Rxc8 19. g3 f5 20. Qd3 Qg5 21. Kg2
e4 22. Qe2 Rce8 23. Rae1 f4 0-1

[Event "Titled Tuesday 13th Apr"]
[Site "chess.com INT"]
[Date "2021.04.13"]
[Round "3"]
[White "Cagara, P."]
[Black "Vifleemskaia, S."]
[Result "1/2-1/2"]
[WhiteElo "2027"]
[BlackElo "1926"]
[PlyCount "55"]
[EventDate "2021.04.13"]
[SourceTitle "The Week in Chess 1380"]
[Source "Mark Crowther"]
[SourceDate "2021.04.19"]
[SourceVersion "1"]
[SourceVersionDate "2021.04.19"]
[SourceQuality "2"]

1. e4 e5 2. Nf3 Nc6 3. c3 d5 4. Qa4 f6 5. d3 a6 6. Be2 Be6 7. O-O Bc5 8. exd5
Bxd5 9. Be3 Qd6 10. Bxc5 Qxc5 11. d4 exd4 12. Nxd4 Nge7 13. b4 Qd6 14. b5 Nxd4
15. cxd4 O-O 16. bxa6 bxa6 17. Nc3 Bc6 18. Qc4+ Kh8 19. Rac1 Rfd8 20. Rfd1 Bd5
21. Nxd5 Nxd5 22. Bf3 h6 23. h4 Rab8 24. Re1 Rb4 25. Qxd5 Qxd5 26. Bxd5 Rxd5
27. Rxc7 Rbxd4 28. g3 1/2-1/2

[Event "PNWCC Online Blitz JP 23"]
[Site "chess.com INT"]
[Date "2021.04.11"]
[Round "11"]
[White "Jobava, Ba"]
[Black "Petrosyan, M."]
[Result "1-0"]
[WhiteElo "2603"]
[BlackElo "2625"]
[PlyCount "61"]
[EventDate "2021.04.11"]
[EventType "blitz"]
[SourceTitle "The Week in Chess 1379"]
[Source "Mark Crowther"]
[SourceDate "2021.04.12"]
[SourceVersion "1"]
[SourceVersionDate "2021.04.12"]
[SourceQuality "2"]

1. e4 e5 2. Nf3 Nc6 3. c3 Nf6 4. d3 d5 5. Qc2 a5 6. a4 Bc5 7. Be2 h6 8. O-O O-O
9. h3 Be6 10. Re1 Ba7 11. Na3 Re8 12. Nb5 Bb6 13. Bf1 Nh5 14. Be3 Bxe3 15. Rxe3
Nf4 16. Rd1 d4 17. Ree1 Rc8 18. cxd4 Nxd4 19. Nbxd4 exd4 20. Qc5 Qf6 21. Nxd4
Bxh3 22. gxh3 Re5 23. Qc3 Rg5+ 24. Kh1 Ne6 25. Nf5 Qd8 26. d4 g6 27. Nxh6+ Kf8
28. d5 Ng7 29. e5 Rh5 30. e6 Qg5 31. e7+ 1-0

[Event "Nizami Ganjavi-880 U17"]
[Site "Tornelo INT"]
[Date "2021.04.04"]
[Round "8.6"]
[White "Flores Quillas, Diego Saul Rodri"]
[Black "Ceres, Dragos"]
[Result "0-1"]
[WhiteElo "2245"]
[BlackElo "2257"]
[PlyCount "68"]
[EventDate "2021.04.02"]
[SourceTitle "The Week in Chess 1378"]
[Source "Mark Crowther"]
[SourceDate "2021.04.05"]
[SourceVersion "1"]
[SourceVersionDate "2021.04.05"]
[SourceQuality "2"]
[WhiteTeam "Peru"]
[BlackTeam "Moldova"]
[WhiteTeamCountry "PER"]
[BlackTeamCountry "MDA"]

1. e4 e5 2. Nf3 Nc6 3. c3 Nf6 4. d4 Nxe4 5. d5 Ne7 6. Nxe5 Nf6 7. Bg5 Ng6 8.
Nxg6 hxg6 9. Qf3 Be7 10. Bc4 d6 11. h3 Rh5 12. Bxf6 Bxf6 13. O-O Bd7 14. Nd2
Be5 15. Qe2 Kf8 16. f4 Bf6 17. Nf3 c6 18. dxc6 Qb6+ 19. Kh2 Re8 20. Qd2 Bxc6
21. Rad1 Kg8 22. Ng5 d5 23. Bxd5 Bxd5 24. Qxd5 Qc7 25. Kh1 Rd8 26. Qe4 Bxg5 27.
fxg5 Rxg5 28. Rxd8+ Qxd8 29. Qxb7 f6 30. Qf3 Qd2 31. Rf2 Qe1+ 32. Kh2 Kh7 33.
Re2 Qd1 34. Re7 Qd6+ 0-1

[Event "SA-00754"]
[Site "LSS"]
[Date "2021.03.26"]
[Round "?"]
[White "Cleto Junior, Dirceu"]
[Black "Kirch, Bernhard"]
[Result "1-0"]
[WhiteElo "2067"]
[BlackElo "2061"]
[PlyCount "49"]
[EventDate "2021.02.22"]

1. e4 e5 2. Nf3 Nc6 3. c3 d5 4. Qa4 f6 5. d3 Be6 6. Be3 Qd7 7. Nbd2 f5 8. exd5
Bxd5 9. d4 f4 10. Bb5 fxe3 11. fxe3 e4 12. Ne5 Qc8 13. O-O Nf6 14. c4 a6 15.
cxd5 axb5 16. Qxb5 Ra5 17. Qc4 Nd8 18. Rxf6 gxf6 19. Nxe4 fxe5 20. Nf6+ Ke7 21.
Rf1 Nf7 22. Qb4+ Kd8 23. Qxa5 Be7 24. Nh5 Re8 25. Rxf7 1-0

[Event "Titled Tuesday 23rd Mar"]
[Site "chess.com INT"]
[Date "2021.03.23"]
[Round "10"]
[White "Terry, R."]
[Black "Lagno, Kateryna"]
[Result "1-0"]
[WhiteElo "2504"]
[BlackElo "2546"]
[PlyCount "117"]
[EventDate "2021.03.23"]
[SourceTitle "The Week in Chess 1377"]
[Source "Mark Crowther"]
[SourceDate "2021.03.29"]
[SourceVersion "1"]
[SourceVersionDate "2021.03.29"]
[SourceQuality "2"]

1. e4 e5 2. Nf3 Nc6 3. c3 Nf6 4. d4 exd4 5. e5 Nd5 6. Qb3 Nb6 7. cxd4 d5 8. Bb5
Bd7 9. O-O Be7 10. Nc3 a6 11. Bd3 Be6 12. a3 O-O 13. Qc2 h6 14. h3 Qd7 15. b3
Rac8 16. Be3 Na5 17. Ne2 Qc6 18. Qb2 Qd7 19. Rac1 Bf5 20. Nf4 Bxd3 21. Nxd3 Qf5
22. Nc5 Nd7 23. Nxd7 Qxd7 24. Bd2 Nc6 25. Rc2 Nd8 26. Bb4 Bxb4 27. axb4 Ne6 28.
Qc3 Qb5 29. Rfc1 Nf4 30. Qd2 Nd3 31. Rd1 Nxb4 32. Rc5 Qb6 33. Nh4 a5 34. Nf5
Qe6 35. Qf4 b6 36. Rc3 Kh7 37. Rg3 Rg8 38. Re1 c5 39. Nd6 Rc7 40. dxc5 bxc5 41.
Rf3 Nc2 42. Rd1 Nd4 43. Re3 Rb8 44. Rdd3 Re7 45. g4 Rb4 46. Qg3 a4 47. bxa4
Rxa4 48. f4 Ra1+ 49. Kg2 Ra2+ 50. Kf1 Nc2 51. Re2 d4 52. Kf2 Qd5 53. Rdd2 Nb4
54. Rxa2 Nxa2 55. Qd3+ g6 56. Ne4 Kg7 57. Nf6 Qe6 58. Qa3 Nc3 59. Qa8 1-0